Estatísticas para Santa Lúcia

Clique aqui para jogar o quiz

Estatísticas Gerais

  • Esse quiz foi jogado 3 vezes
  • A pontuação média é 4 de 9

Estatísticas das Respostas

HintResposta% Correto
Onde fica?América do Norte
100%
Qual é o seu idioma?Inglês
100%
Qual é a sua religião?Cristianismo
67%
De que país é independente?Reino Unido
67%
Qual é o seu tipo de clima?Tropical
67%
Qual é a sua capital?Castries
0%
Qual é a sua moeda?Dólar das Caraíbas Orientais
0%
Qual é o seu código ISO?LCA
0%
Qual é o seu ponto mais alto?Monte Gimie
0%

Distribuição das Pontuações

Percentil de Números Respondidos

Porcentagem de Pessoas com Cada Pontuação

Sua Pontuação Histórica

Você não jogou esse quiz